000 00746cab a2200205 4500
001 ABS44969
008 090401t1991 xxu||||| |||| 00| 0 eng d
035 _a(Sirsi) u50105
041 _aeng
100 _aTyler, M.
245 _aIndoor pollution not to be sneezed at, says Commons
260 _c1991
350 _a0
490 _aBuilding
_v256(7708) 2 August 1991, 29(1)
520 _aRecords the main findings of the House of Commons Environment Committee`s 6th report, Indoor pollution, under six headings: indoor air quality, sick building syndrome, tobacco smoke, radon gas, damp and condensation and toxic substances.
650 _aPOLLUTION
690 _aENVIRONMENTAL AND LAND CONSULTANCY
942 _n0
948 _c04/03/1997
999 _c31305
_d31305